000
00290nam a22001337a 4500
008
170914b xxu||||| |||| 00| 0 eng d
020
_a
9780452255265
041
_a
eng
080
_a
7
100
_a
44
101
_a
ART
245
_a
THE FILMMAKER'S HANDBOOK
_c
PINCUS,E
942
_2
udc
_c
BK
999
_c
27748
_d
27748